Normal view
MARC view
- Crane, Gregg
Entry Personal Name
001 - CONTROL NUMBER
- control field: 2438
003 - CONTROL NUMBER IDENTIFIER
- control field: JO-AjAnu
005 - DATE AND TIME OF LATEST TRANSACTION
- control field: 20230606070714.0
008 - FIXED-LENGTH DATA ELEMENTS
- fixed length control field: 230606|| aca||aabn | a|a d
040 ## - CATALOGING SOURCE
- Original cataloging agency: JO-AjAnu
- Transcribing agency: JO-AjAnu
100 ## - HEADING--PERSONAL NAME
- Personal name: Crane, Gregg
670 ## - SOURCE DATA FOUND
- Source citation: Work cat.: (JO-AjAnu)1277: Crane, Gregg, author, the cambridge introducation to the Ninineteenth -century American Novel